<?xml version="1.0" encoding="UTF-8"?>
<record
    xmlns:xsi="http://www.w3.org/2001/XMLSchema-instance"
    xsi:schemaLocation="http://www.loc.gov/MARC21/slim http://www.loc.gov/standards/marcxml/schema/MARC21slim.xsd"
    xmlns="http://www.loc.gov/MARC21/slim">

  <leader>01483nam a22002777a 4500</leader>
  <controlfield tag="005">20220316151729.0</controlfield>
  <controlfield tag="008">220316b           ||||| |||| 00| 0 eng d</controlfield>
  <datafield tag="020" ind1=" " ind2=" ">
    <subfield code="a">9789332543133</subfield>
  </datafield>
  <datafield tag="040" ind1=" " ind2=" ">
    <subfield code="c">Aloy</subfield>
  </datafield>
  <datafield tag="041" ind1=" " ind2=" ">
    <subfield code="a">eng</subfield>
  </datafield>
  <datafield tag="082" ind1=" " ind2=" ">
    <subfield code="2">23</subfield>
    <subfield code="a">327.09</subfield>
    <subfield code="b">NYEU</subfield>
  </datafield>
  <datafield tag="100" ind1=" " ind2=" ">
    <subfield code="a">Joseph S Nye</subfield>
    <subfield code="9">23931</subfield>
  </datafield>
  <datafield tag="100" ind1=" " ind2=" ">
    <subfield code="d">David A Welch</subfield>
    <subfield code="9">23907</subfield>
  </datafield>
  <datafield tag="245" ind1=" " ind2=" ">
    <subfield code="a">Understanding global conflict and cooperation:</subfield>
    <subfield code="b">An Introduction to theory and History</subfield>
  </datafield>
  <datafield tag="250" ind1=" " ind2=" ">
    <subfield code="a">9th ed,</subfield>
  </datafield>
  <datafield tag="260" ind1=" " ind2=" ">
    <subfield code="a">Uttar Pradesh</subfield>
    <subfield code="b">Pearson</subfield>
    <subfield code="c">2015</subfield>
  </datafield>
  <datafield tag="300" ind1=" " ind2=" ">
    <subfield code="a">iv,372 p.</subfield>
    <subfield code="b">PB</subfield>
    <subfield code="c">23x16 cm.</subfield>
  </datafield>
  <datafield tag="365" ind1=" " ind2=" ">
    <subfield code="2">Human Rights and Gender Equity</subfield>
    <subfield code="a">6321</subfield>
    <subfield code="b">407.20</subfield>
    <subfield code="c">&#x20B9;</subfield>
    <subfield code="d">509.00</subfield>
    <subfield code="e">20%</subfield>
    <subfield code="f">08-03-2022</subfield>
  </datafield>
  <datafield tag="520" ind1=" " ind2=" ">
    <subfield code="a">Updated in its 9th edition, Understanding Global Conflict and Cooperation is a concise and penetrating introduction to world politics in an era of complex interdependence. This text employs lessons from theory and history to examine conflict and cooperating among global actors and thus to provide readers with a durable analytical framework. From twentieth and twenty-first century wars to global finance and global governance, Understanding Global Conflict and Cooperation, expands substantially on a classic work and continues to deliver a thought-provoking survey of international relations today.</subfield>
  </datafield>
  <datafield tag="650" ind1=" " ind2=" ">
    <subfield code="a">International Relation</subfield>
    <subfield code="9">23908</subfield>
  </datafield>
  <datafield tag="650" ind1=" " ind2=" ">
    <subfield code="a">World War I and II</subfield>
    <subfield code="9">23909</subfield>
  </datafield>
  <datafield tag="650" ind1=" " ind2=" ">
    <subfield code="a">Globalization and Interdependence</subfield>
    <subfield code="9">23910</subfield>
  </datafield>
  <datafield tag="700" ind1=" " ind2=" ">
    <subfield code="a">NYE (Joseph S)</subfield>
    <subfield code="9">23911</subfield>
  </datafield>
  <datafield tag="700" ind1=" " ind2=" ">
    <subfield code="a">WELCH (David A)</subfield>
    <subfield code="9">23912</subfield>
  </datafield>
  <datafield tag="942" ind1=" " ind2=" ">
    <subfield code="2">ddc</subfield>
    <subfield code="c">BK</subfield>
  </datafield>
  <datafield tag="999" ind1=" " ind2=" ">
    <subfield code="c">221911</subfield>
    <subfield code="d">221911</subfield>
  </datafield>
  <datafield tag="952" ind1=" " ind2=" ">
    <subfield code="0">0</subfield>
    <subfield code="1">0</subfield>
    <subfield code="2">ddc</subfield>
    <subfield code="4">0</subfield>
    <subfield code="7">0</subfield>
    <subfield code="8">OTH</subfield>
    <subfield code="a">AL</subfield>
    <subfield code="b">AL</subfield>
    <subfield code="d">2022-03-10</subfield>
    <subfield code="e">Biblios Book Point, Surathkal, Mangalore-575014</subfield>
    <subfield code="g">407.20</subfield>
    <subfield code="l">2</subfield>
    <subfield code="m">1</subfield>
    <subfield code="o">327.09 NYEU</subfield>
    <subfield code="p">075637</subfield>
    <subfield code="r">2025-04-29 16:05:04</subfield>
    <subfield code="s">2025-04-22</subfield>
    <subfield code="v">509.00</subfield>
    <subfield code="w">2022-03-16</subfield>
    <subfield code="y">BK</subfield>
  </datafield>
</record>
